000 00538nam a2200157 i 4500
001 68616
003 ES-MaACL
005 20230906170323.0
007 t|
008 040702s1849 sp ||||1| spa d
245 0 0 _aEscalafón de antigüedad de los catedráticos de las universidades del reino.
260 _aMadrid :
_b[s.n.],
_c1849 (
_fImp. de La Publicidad)
300 _a14 p. ;
_c20 cm.
650 4 _aProfesores universitarios-
_zEspaña-
_vEscalafones.
_9145019
852 _aES-MaACL
_jT-420-F-17
_z.- Sello de "Los Escolares Médicos"
999 _c68616
_d68616